书目信息 |
| 题名: |
管理者的假面
|
|
| 作者: | 安藤广大 著 ;石立珣 译 | |
| 分册: | ||
| 出版信息: | 北京 中国科学技术出版社 2022.01 |
|
| 页数: | 187页 | |
| 开本: | 21cm | |
| 丛书名: | ||
| 单 册: | ||
| 中图分类: | C93 | |
| 科图分类: | ||
| 主题词: | 管理学--guan li xue | |
| 电子资源: | ||
| ISBN: | 978-7-5046-9420-1 | |
| 000 | 00793nam0 2200241 450 | |
| 001 | 011025153138 | |
| 005 | 20221025153138.0 | |
| 010 | @a978-7-5046-9420-1@dCNY59.00 | |
| 100 | @a20201004d2022 em y0chiy0110 ea | |
| 101 | 1 | @achi@cjpn |
| 102 | @aCN@b110000 | |
| 105 | @ay z 000yy | |
| 106 | @ar | |
| 200 | 1 | @a管理者的假面@Aguan li zhe de jia mian@f(日) 安藤广大著@g石立珣译 |
| 210 | @a北京@c中国科学技术出版社@d2022.01 | |
| 215 | @a187页@d21cm | |
| 300 | @aCSPBOOKS | |
| 330 | @a本书作者用自创的识学理念——管理者的假面,聚焦五个关键词,即规则、位置、利益、结果、成长,教读者如何当一个好的管理者。 | |
| 606 | 0 | @a管理学@Aguan li xue |
| 690 | @aC93@v5 | |
| 701 | 0 | @c(日)@a安藤广大@Aan teng guang da@4著 |
| 702 | 0 | @a石立珣@Ashi li xun@4译 |
| 905 | @a河南城建学院图书馆@dC93@eA690 | |
| 管理者的假面/(日) 安藤广大著/石立珣译.-北京:中国科学技术出版社,2022.01 |
| 187页;21cm |
| CSPBOOKS |
| ISBN 978-7-5046-9420-1:CNY59.00 |
| 本书作者用自创的识学理念——管理者的假面,聚焦五个关键词,即规则、位置、利益、结果、成长,教读者如何当一个好的管理者。 |
| ● |
| 相关链接 |
|
|
|
正题名:管理者的假面
索取号:C93/A690
 
预约/预借
| 序号 | 登录号 | 条形码 | 馆藏地/架位号 | 状态 | 备注 |
| 1 | 1586997 | 215869978 | 社科库509/509社科库 63排1列5层/ [索取号:C93/A690] | 在馆 | |
| 2 | 1586998 | 215869987 | 社科库509/509社科库 63排1列5层/ [索取号:C93/A690] | 在馆 |